L'art égyptien /

محفوظ في:

المؤلف الرئيسي: Desroches-Noblecourt, Christiane, 1913-

التنسيق: كتاب

اللغة: French

منشور في: Paris : Presses universitaires de France, 1962.

الطبعة: [1. éd.].

سلاسل: "Les neuf muses". Histoire générale des arts.

الموضوعات:

الوسوم: إضافة وسم

لا توجد وسوم, كن أول من يضع وسما على هذه التسجيلة!

رقم الطلب: N5350 .D47 1962

LEADER 00650nam a2200205Ia 4500
003 OSt
005 20250820100513.0
008 821223s1962 fr a 00000 fre d
040 |c ARCE Library 
050 4 |a N5350 .D47 1962 
100 1 |a Desroches-Noblecourt, Christiane,  |d 1913-  
245 1 2 |a L'art égyptien /   |c Avec la collaboration de Pierre de Bourguet. 
250 |a [1. éd.]. 
264 1 |a Paris :   |b Presses universitaires de France,   |c 1962. 
300 |a 184 pages :   |b illustrations ;   |c 20 cm. 
490 0 |a "Les neuf muses". Histoire générale des arts. 
650 0 |a Art, Egyptian. 
901 |a reviewed 
942 |2 lcc  |c BK 
999 |c 47389  |d 47389